000 00710nam a2200265Ia 4500
001 Para_6430
003 CHAP
008 220125s1928 xx 000 0 und d
010 _a205170
040 _cCHAP
082 _aPA 621.3 B88
100 _aBurghardt, Henry D.
_916159
245 _aMachine tool operation :
_b instruction sheets /
_c by Henry D. Burghardt
260 _aNew York :
_b McGraw-Hill
300 _av.
650 _aTalleres mecánicos, práctica de
_9171155
650 _aTornos
_9113956
901 _aPA 621.3 B88
902 _aA
905 _a0000001928 0000000000 00
910 _a1928
942 _cPARA
942 _cPARA
_d1
999 _c205170
_d205170